Quick Pick: Simpsons Characters Quiz Stats

 Plays Quiz Updated Aug 14, 2017

Challenge
Share
Tweet
Embed
Score 0/14 Timer 01:00
0 Plays Today
% Correct
Simpson
93.5%
Flanders
92.7%
Burns
88%
Krabappel
82.4%
Van Houten
81.8%
Skinner
81.2%
Gumble
79.9%
% Correct
Szyslak
79.3%
Bouvier
78.5%
Smithers
75.5%
Carlson
73.2%
Wiggum
69.1%
Mann
66.9%
Mackleberry
62.1%

Today's Daily Dose

Word Ladder
Holy Grail

Get the Picture
Four Daisys

You're not logged in!

Compare scores with friends on all Sporcle quizzes.
OR
Log In

You Might Also Like...

Show Comments

Extras

Top Quizzes Today


Score Distribution

Your Account Isn't Verified!

In order to create a playlist on Sporcle, you need to verify the email address you used during registration. Go to your Sporcle Settings to finish the process.

Report this User

Report this user for behavior that violates our Community Guidelines.

Details: